000 00590nam a22002417a 4500
999 _c332311
_d332311
001 46214
003 UA-OsUOA
005 20191219102506.0
007 ta
008 20070611b un ||||| |||| 00| 0 ukr d
020 _a978-966-521-427-4
040 _aUA-OsUOA
_brus
_cUA-OsUOA
_dUA-OsUOA
041 _arus
080 _a111
090 _a111
_bБ43
100 _aБелый В.
245 _aВозвращение в рай
260 _aК.
_bНика-Центр
_c2007
300 _a336 с.
650 7 _a1 Філософські науки
_2UDC
942 _cBK
_2udc
955 _a2